| 000 | 00624nam a2200229Ia 4500 | ||
|---|---|---|---|
| 003 | 0100 | ||
| 005 | 20140815020004.0 | ||
| 008 | 130303s9999 xx 000 0 und d | ||
| 020 | _a9964302193 | ||
| 040 | _cARRUPELIB | ||
| 050 | _aB5300.5.A88 1997 | ||
| 100 |
_aAssimeng, J.Max _98124 |
||
| 245 | _aFoundations of African social thought | ||
| 245 | _ba contribution to the sociology of knowledge | ||
| 260 | _aAccra | ||
| 260 | _bGhana Universities Press | ||
| 300 | _a148 p. | ||
| 300 | _b 22cm | ||
| 650 |
_aAfrica social thought. _98125 |
||
| 650 |
_aAfrican philosophy _98126 |
||
| 942 | 0 | 0 |
_03 _2lcc _cMONOGRAPH |
| 999 |
_c7399 _d7399 |
||